UITU Library & LRC     

Student Reference Manual for Electronic Instrumentation Laboratories (Record no. 11193)

MARC details
000 -LEADER
fixed length control field 00523nam a2200181Ia 4500
008 - FIXED-LENGTH DATA ELEMENTS--GENERAL INFORMATION
fixed length control field 240925s9999 xx 000 0 und d
020 ## - INTERNATIONAL STANDARD BOOK NUMBER
International Standard Book Number 9788120334144
082 ## - DEWEY DECIMAL CLASSIFICATION NUMBER
Classification number 621.38154 WOL
100 ## - MAIN ENTRY--PERSONAL NAME
Personal name Wolf , Stanley
245 #0 - TITLE STATEMENT
Title Student Reference Manual for Electronic Instrumentation Laboratories
250 ## - EDITION STATEMENT
Edition statement 2nd
260 ## - PUBLICATION, DISTRIBUTION, ETC.
Place of publication, distribution, etc. New Delhi:
Name of publisher, distributor, etc. Prentice Hall
Date of publication, distribution, etc. ,2008.
300 ## - PHYSICAL DESCRIPTION
Extent Various pages
Other physical details N.A
Type of unit Original
500 ## - GENERAL NOTE
General note Includes Illustration
600 ## - SUBJECT ADDED ENTRY--PERSONAL NAME
Personal name Electronic Engineering
650 ## - SUBJECT ADDED ENTRY--TOPICAL TERM
Topical term or geographic name entry element Technology
942 ## - ADDED ENTRY ELEMENTS (KOHA)
Koha item type Books
Holdings
Withdrawn status Lost status Damaged status Not for loan Collection Home library Current library Date acquired Source of acquisition Cost, normal purchase price Total checkouts Full call number Barcode Date last seen Price effective from Koha item type
        Electrical Engineering UITU Library UITU Library 03/31/2011 Divine Books 621.30   621.38154 WOL Q8694 09/25/2024 09/25/2024 Books

Powered by Koha